00530nab a2200145 i 4500001000700000003000900007005001700016008004100033245005700074650003300131710002700164773016000191942001400351999001900365190401ES-MaACL20250808034530.0210201s1977 sp 000 0 spa d00aContra la pena de muerte : ben el Ateneo de Madrid. 7aPena de muerte2embne9159152 aAteneo de Madrid918750 tEl Ciervo, dBarcelona : [Asociación Católica Nacional de Propagandistas del Centro de Barcelona], xISSN 0045-6896,g1977, n. 305, p. 40650w6509669 cANAB2udc c190401d190401